00404pab a2200157 454500008004000000100002100040245005900061260000900120300001400129362000800143650001400151650001700165700001700182700002000199773002700219180718b2006 xxu||||| |||| 00| 0 eng d aAlderman, Harold aLong term consequences of early childhood malnutrition c2006 ap.450-74. aJul aChildhood aMalnutrition aKinsey, Bill aHoddinott, John aOxford Economic Papers